The hieratic ritual books of Pawerem (P. BM EA 10252 and P. BM EA 10081) from the late 4th century BC /

Saved in:

Main Author: Gill, Ann-Katrin, 1986- (Author)

Format: Book

Language: English

Published: Wiesbaden : Harrassowitz Verlag, 2019.

Series: Studien zur spätägyptischen Religion ; 25.
SSR ; 25.

Subjects:

Tags: Add Tag

No Tags, Be the first to tag this record!

Call Number: BL2450 .O7 G555 v.1-2

LEADER 01541nam a22004097a 4500
003 OSt
005 20260521133330.0
008 260429t20192019gw a b 001 0 eng d
010 |a  2019436891 
016 7 |a 1188063456  |2 DE-101 
020 |a 9783447112390  |q (hardbound) 
020 |a 3447112395  |q (hardbound) 
035 |a 21293457 
035 |a (OCoLC)1114264666 
040 |c ARCE Library 
042 |a lccopycat 
043 |a f-ua--- 
050 4 |a BL2450 .O7 G555 v.1-2 
100 1 |a Gill, Ann-Katrin,   |d 1986-,   |e author 
245 1 4 |a The hieratic ritual books of Pawerem (P. BM EA 10252 and P. BM EA 10081) from the late 4th century BC /   |c Ann-Katrin Gill. 
264 1 |a Wiesbaden :  |b Harrassowitz Verlag,  |c 2019. 
264 4 |c ©2019. 
300 |a 2 volumes (xvii, 1075 pages) :  |b illustrations (chiefly color) ;  |c 31 cm. 
490 0 |a Studien zur spätägyptischen Religion ;  |v 25. 
490 0 |a SSR ;   |v 25. 
500 |a Revised thesis (doctoral)--University of Oxford, 2017. 
504 |a Includes bibliographical references (pages [609]-644) and indexes. 
600 0 0 |a Osiris  |c (Egyptian deity)  |x Cult  |v Early works to 1800. 
610 2 0 |a British Museum. Manuscript. EA 10252.  
610 2 0 |a British Museum. Manuscript. EA 10081. 
650 0 |a Religious literature, Egyptian  |v Early works to 1800. 
650 0 |a Egyptian language  |v Papyri, Hieratic. 
650 0 |a Inscriptions, Egyptian. 
651 0 |a Egypt  |x Religious life and customs  |v Early works to 1800. 
901 |a reviewed 
942 |2 lcc  |c BK 
999 |c 62203  |d 62203